000
00333nam a22001457a 4500
008
210311b ||||| |||| 00| 0 eng d
020
_a
007052145X
041
_a
eng
080
_a
004
082
_a
004
100
_a
28
101
_a
SHKI
245
_a
Matrix Computations and Mathematical Software
_c
Rice, J. R
942
_2
udc
_c
BK
999
_c
56426
_d
56426